Tithes (Record no. 114135)

MARC details
000 -LEADER
fixed length control field 00979cam a22002055a 4500
001 - CONTROL NUMBER
control field L156260
008 - FIXED-LENGTH DATA ELEMENTS--GENERAL INFORMATION
fixed length control field 120509s1848 xxk f 000 0 eng d
035 ## - SYSTEM CONTROL NUMBER
System control number (Sirsi) u156260
041 0# - LANGUAGE CODE
Language code of text/sound track or separate title eng
110 2# - MAIN ENTRY--CORPORATE NAME
Corporate name or jurisdiction name as entry element Great Britain
Subordinate unit Tithe Commissioners
9 (RLIN) 6064
245 00 - TITLE STATEMENT
Title Tithes
Remainder of title Return to an order of the Honourable the House of Commons, dated 24 November 1847; for, returns of all tithes commuted and apportioned under the Act 6 & 7 Will. 4, c. 71, distinguishing between those assigned to clerical appropriators, lay impropriators, parochial incumbents, schools and colleges, and of all tithes commuted but not yet apportioned
260 ## - PUBLICATION, DISTRIBUTION, ETC.
Place of publication, distribution, etc. [London]
Name of publisher, distributor, etc. [s.n.]
Date of publication, distribution, etc. 1848
300 ## - PHYSICAL DESCRIPTION
Extent 308 p.
Dimensions 34 cm.
520 ## - SUMMARY, ETC.
Summary, etc. Ordered by the House of Commons to be printed, 4 May 1848.
583 0# - ACTION NOTE
Action Condition reviewed
Time/date of action 20120620
Status condition level 4, detached boards etc.
651 #4 - SUBJECT ADDED ENTRY--GEOGRAPHIC NAME
Geographic name Great Britain
Chronological subdivision 1707-
690 ## - LOCAL SUBJECT ADDED ENTRY--TOPICAL TERM (OCLC, RLIN)
Topical term or geographic name as entry element Finance and taxation
700 1# - ADDED ENTRY--PERSONAL NAME
Personal name Horsman, Edward
Dates associated with a name 1807-1876
942 ## - ADDED ENTRY ELEMENTS (KOHA)
Suppress in OPAC 0
Holdings
Withdrawn status Lost status Source of classification or shelving scheme Damaged status Not for loan Home library Current library Shelving location Date acquired Total Checkouts Full call number Barcode Date last seen Copy number Price effective from Koha item type
    Dewey Decimal Classification     Historic collection Historic collection Historic collection 09/05/2012   FOLIO 1848 TITHE 30076524 06/08/2019 1 06/08/2019 Book